Statystyki dla Top 30 Familia Falafela (pod względem lvl)

Kliknij tutaj aby rozwiązać quiz!

Ogólne statystyki

  • Ten quiz został rozwiązany 27 razy
  • Średni wynik to 11 z 30

Statystyki odpowiedzi

HintOdpowiedź% Poprawnych
2Bobuś
89%
4Koteł
79%
5Lechicjan
74%
7Bal
68%
3Niko Bellic
68%
1Wujek
68%
13Grek
53%
8Fudthe
47%
6Quesco
47%
14Kinder
42%
23Ninja
42%
9PaBLO
42%
15Oliver
37%
16Sromasia
37%
12Vojtix
37%
30Gdfsa
32%
22Repulser
32%
18Avers
26%
28Winny
26%
10Alvin
21%
26Filipex
21%
24MrPizza
21%
17Prezeska
21%
21Simon
21%
20DjGalaretka
16%
11Jawor
16%
19Kebiarz
16%
25Nfedez
11%
29Pogoniak
11%
27Stravbo
11%

Rozkład punktacji

Percentyl według liczby udzielonych odpowiedzi

Procent ludzi z każdym wynikiem

Twoja historia wyników

Nie rozwiązałeś tego quizu